Mozambique Country Quiz - Statistics

General Stats
  • This quiz has been taken 22,272 times
    22,221 since last reset
  • The average score is 12 of 16
Answer Stats
Hint Answer % Correct
Countries which border Mozambique South Africa
97%
Countries which border Mozambique Tanzania
96%
Countries which border Mozambique Zimbabwe
96%
Countries which border Mozambique Zambia
95%
Large island located about 200 km east of Mozambique Madagascar
94%
Countries which border Mozambique Eswatini
89%
Countries which border Mozambique Malawi
88%
Assault rifle depicted on the national flag AK-47
86%
Top export: a metal Aluminum
80%
Official language Portuguese
79%
Longest rivers which flow through Mozambique Zambezi
75%
Capital of Mozambique Maputo
74%
Explorer who visited Mozambique in 1498 on his way to India Vasco da Gama
63%
Staple crop: a starchy root Cassava
32%
Longest rivers which flow through Mozambique Limpopo
31%
Mozambique-born footballer known as the "Black Panther" Eusébio
28%
No matching quizzes found
Score Distribution
Percent of People with Each Score
Percentile by Number Answered
Your Score History
You have not taken this quiz since the last reset